El diseño de vías urbanas / (Record no. 95819)

MARC details
000 -LEADER
campo de control de longitud fija 00636nam a2200193 i 4500
001 - NÚMERO DE CONTROL
campo de control 95819
003 - IDENTIFICADOR DE NÚMERO DE CONTROL
campo de control ES-MaACL
007 - CAMPO FIJO DE DESCRIPCIÓN FÍSICA--INFORMACIÓN GENERAL
campo de control de longitud fija t|
008 - DATOS DE LONGITUD FIJA--INFORMACIÓN GENERAL
campo de control de longitud fija 050606s1984 sp ||||1| spa d
020 ## - NÚMERO INTERNACIONAL ESTÁNDAR DEL LIBRO
Número Internacional Estándar del Libro 84-252-1200-6
100 1# - ENTRADA PRINCIPAL--NOMBRE DE PERSONA
Nombre de persona McCluskey, Jim.
9 (RLIN) 79535
245 13 - MENCIÓN DEL TÍTULO
Título El diseño de vías urbanas /
Mención de responsabilidad, etc. Jim McCluskey; versión castellana de Josep María Solá Huguet y Helena Coch Roura.
260 ## - PUBLICACIÓN, DISTRIBUCIÓN, ETC.
Lugar de publicación, distribución, etc. Barcelona :
Nombre del editor, distribuidor, etc. Gustavo Gili,
Fecha de publicación, distribución, etc. 1984.
300 ## - DESCRIPCIÓN FÍSICA
Extensión 309 p. :
Otras características físicas il. ;
Dimensiones 31 cm.
504 ## - NOTA DE BIBLIOGRAFÍA, ETC.
Nota de bibliografía, etc. Bibliografía. Indice.
700 1# - ENTRADA AGREGADA--NOMBRE PERSONAL
Nombre de persona Solá Huguet, Josep María.
9 (RLIN) 107056
700 1# - ENTRADA AGREGADA--NOMBRE PERSONAL
Nombre de persona Coch Roura, Helena.
9 (RLIN) 39392
852 ## - LOCALIZACIÓN
Ubicación ES-MaACL
Número de control de estantería B-1490
Sublocalización o colección R.112777
Holdings
Estatus retirado Estado de pérdida Estado de daño No para préstamo Biblioteca de origen Biblioteca actual Ubicación en estantería Fecha de adquisición Fuente de adquisición Total de préstamos Signatura topográfica completa Código de barras Visto por última vez Precio de reemplazo Tipo de ítem Koha
        Biblioteca del Ateneo de Madrid Biblioteca del Ateneo de Madrid Sala Pardo Bazán 17/01/2008     B-1490 1100051 23/02/2023 23/02/2023 Libro impreso